| 000 | 00841cam a22002651 4500 | ||
|---|---|---|---|
| 999 |
_c29382 _d29382 |
||
| 001 | 9007280 | ||
| 005 | 20171205123020.0 | ||
| 008 | 770309s1970 ke 000 1 swa | ||
| 010 | _a 73983026 | ||
| 020 | _a0435909711 | ||
| 035 | _a(OCoLC)2788100 | ||
| 040 |
_aDLC _cMBU _dDLC |
||
| 042 | _apremarc | ||
| 050 | 0 | 0 | _aPR 9381.9 .N48 2004 |
| 100 | 0 |
_aNgũgĩ wa Thiongʾo, _d1938- |
|
| 245 | 1 | 0 | _aMtawa mweusi. |
| 260 |
_aNairobi, _bE.A.E.P., _c[1970] |
||
| 300 |
_a84 p. _c19 cm. |
||
| 490 | 0 | _aWaandishi wa Kiafrika S2 | |
| 500 | _aTranslation of The black hermit. | ||
| 500 | _aPublished under the author's earlier name: James Ngugi. | ||
| 906 |
_a7 _bcbc _coclcrpl _du _encip _f19 _gy-gencatlg |
||
| 942 |
_2lcc _cAFRICANA _hPR 9381.9 .N48 2004 |
||